Представление документа в формате MARC21

Поле Инд. ПП Название Значение
Тип записи a
Библиографический уровень b
001 Контрольный номер DU/601663606
005 Дата корректировки 20250318111712.1
008 Кодируемые данные 20190124
040 b Код языка каталог. rus
e Правила каталог. PSBO
041 0_ a Код языка текста rus
084 a Индекс другой классификации/Индекс ББК 88.351.3
100 1_ a Автор Русанова Н. А.
q Полное имя Русанова Надежда Александровна
100 1_ a Автор Вербина Г. Г.
q Полное имя Вербина Галина Гергиевна
245 10 a Заглавие Внутриличностный конфликт в рамках исследования жизненной перспективы личности
504 a Библиография Библиогр.: с. 35
520 0_ a Аннотация В русле теоретического исследования рассматриваются научные положения о внутриличностном конфликте. Благодаря обобщению созданных зарубежными и отечественными учеными концепций, выявлено, что для внутриличностного конфликта состояния характерно взаимоисключающих и несовместимых друг с другом мотивационно-ценностных оснований и целевых устремлений, противоречивую силу которых личность в настоящее время не может преодолеть. Сделано заключение о том, что внутренний конфликт личности как способен нанести ущерб ее психологическому и физическому здоровью, поставив саморазвитие и самоутверждение в безвыходное положение, так и сделать процесс познания себя более быстрым, направляя человека на мобилизацию своих возможностей. Процесс протекания внутриличностного конфликта управляем, служит стимулом и направляет человека, обеспечивает благоприятные в идеале для роста и совершенствования личности условия. С определенного момента времени человек сам начинает целенаправленно планировать собственную жизнь, управлять ею. При этом надо заметить, что величина способности человека действовать соответственно своим интересам, планам и целям в рамках желаемого самоопределения в жизни принципиально зависит от конкретных историчексих условий
650 14 a Основная рубрика психология
a Основная рубрика психология личности
653 1_ a Ключевые слова внутриличностные конфликты
a Ключевые слова самоактуализация
773 08 t Заглавие источника Психология. Историко-критические обзоры и современные исследования
d Дата издания источника 2018
g Прочая информация Т. 7, № 1А. - С. 30 - 36
w Контрольный № источника DU/598461108
901 t Тип документа b